Normal view
MARC view
Entry Topical Term
001 - CONTROL NUMBER
- control field: 10000
003 - CONTROL NUMBER IDENTIFIER
- control field: ARRUPE
005 - DATE AND TIME OF LATEST TRANSACTION
- control field: 20140424115147.0
008 - FIXED-LENGTH DATA ELEMENTS
- fixed length control field: 140424|| aca||aabn | a|a d
040 ## - CATALOGING SOURCE
- Original cataloging agency: ARRUPE
- Transcribing agency: ARRUPE
150 ## - HEADING--TOPICAL TERM
- Topical term or geographic name as entry element: Science
- Geographic subdivision: Europe
- General subdivision: History
- Chronological subdivision: 17th century.
670 ## - SOURCE DATA FOUND
- Source citation: Work cat.: (ARRUPE)0: Dear, Peter, 1958- 9998, Discipline & experience :, 1995.